<?xml version="1.0" encoding="UTF-8"?>
<record
    xmlns:xsi="http://www.w3.org/2001/XMLSchema-instance"
    xsi:schemaLocation="http://www.loc.gov/MARC21/slim http://www.loc.gov/standards/marcxml/schema/MARC21slim.xsd"
    xmlns="http://www.loc.gov/MARC21/slim">

  <leader>08596nam a22007097a 4500</leader>
  <controlfield tag="005">20090530143926.0</controlfield>
  <controlfield tag="008">090530t        xxu||||| |||| 00| 0 hin d</controlfield>
  <datafield tag="010" ind1=" " ind2=" ">
    <subfield code="a">HIN-86736</subfield>
  </datafield>
  <datafield tag="020" ind1=" " ind2=" ">
    <subfield code="a">9788188525270</subfield>
    <subfield code="c">250.00</subfield>
  </datafield>
  <datafield tag="035" ind1=" " ind2=" ">
    <subfield code="a">HN-59082</subfield>
  </datafield>
  <datafield tag="035" ind1=" " ind2=" ">
    <subfield code="a">B-351449-481</subfield>
  </datafield>
  <datafield tag="037" ind1=" " ind2=" ">
    <subfield code="b">DBAD / PUB</subfield>
  </datafield>
  <datafield tag="037" ind1=" " ind2=" ">
    <subfield code="b">&#x92A;&#x930;&#x936;&#x941;&#x930;&#x93E;&#x92E; &#x939;&#x93F;&#x902;&#x926;&#x940; &#x938;&#x902;&#x938;&#x94D;&#x925;&#x93E;&#x928; </subfield>
  </datafield>
  <datafield tag="040" ind1=" " ind2=" ">
    <subfield code="a">dpl</subfield>
    <subfield code="b">HN</subfield>
  </datafield>
  <datafield tag="082" ind1=" " ind2=" ">
    <subfield code="a">250.33</subfield>
  </datafield>
  <datafield tag="100" ind1=" " ind2=" ">
    <subfield code="a">&#x91A;&#x924;&#x941;&#x930;&#x938;&#x947;&#x928;</subfield>
  </datafield>
  <datafield tag="245" ind1=" " ind2=" ">
    <subfield code="a">&#x92E;&#x939;&#x93E;&#x924;&#x94D;&#x92E;&#x93E; &#x92C;&#x941;&#x926;&#x94D;&#x927; &#x914;&#x930; &#x92C;&#x94C;&#x926;&#x94D;&#x927; &#x927;&#x930;&#x94D;&#x92E; /</subfield>
    <subfield code="c">&#x906;&#x91A;&#x93E;&#x930;&#x94D;&#x92F; &#x91A;&#x924;&#x941;&#x930;&#x938;&#x947;&#x928;</subfield>
  </datafield>
  <datafield tag="246" ind1=" " ind2=" ">
    <subfield code="a">Mahaatmaa Buddha aura Bauddh dharma</subfield>
    <subfield code="b">by Acharya Chatursen</subfield>
  </datafield>
  <datafield tag="260" ind1=" " ind2=" ">
    <subfield code="a">&#x926;&#x93F;&#x932;&#x94D;&#x932;&#x940; </subfield>
    <subfield code="b">&#x92A;&#x930;&#x936;&#x941;&#x930;&#x93E;&#x92E; &#x939;&#x93F;&#x902;&#x926;&#x940; &#x938;&#x902;&#x938;&#x94D;&#x925;&#x93E;&#x928; </subfield>
    <subfield code="c">2008</subfield>
  </datafield>
  <datafield tag="270" ind1=" " ind2=" ">
    <subfield code="b">&#x926;&#x93F;&#x932;&#x94D;&#x932;&#x940; </subfield>
    <subfield code="e">110053</subfield>
    <subfield code="a">&#x938;&#x940;-8/173-174, &#x92F;&#x92E;&#x941;&#x928;&#x93E; &#x935;&#x93F;&#x939;&#x93E;&#x930;, </subfield>
  </datafield>
  <datafield tag="300" ind1=" " ind2=" ">
    <subfield code="a">208&#x92A;&#x943;.:</subfield>
    <subfield code="c">23&#x938;&#x947;&#x92E;&#x940;(&#x938;&#x91C;&#x93F;&#x932;&#x94D;&#x926;) </subfield>
    <subfield code="b">&#x938;&#x91A;&#x93F;&#x924;&#x94D;&#x930; </subfield>
  </datafield>
  <datafield tag="600" ind1=" " ind2=" ">
    <subfield code="a">&#x917;&#x94C;&#x924;&#x92E; &#x92C;&#x941;&#x926;&#x94D;&#x927;</subfield>
  </datafield>
  <datafield tag="600" ind1=" " ind2=" ">
    <subfield code="a">Gautam Buddha</subfield>
  </datafield>
  <datafield tag="650" ind1=" " ind2=" ">
    <subfield code="a">&#x92C;&#x94C;&#x926;&#x94D;&#x927; &#x927;&#x930;&#x94D;&#x92E; </subfield>
  </datafield>
  <datafield tag="650" ind1=" " ind2=" ">
    <subfield code="a">Buddhism  </subfield>
  </datafield>
  <datafield tag="942" ind1=" " ind2=" ">
    <subfield code="2">ddc</subfield>
    <subfield code="c">HN</subfield>
    <subfield code="m">&#x91A;&#x924;&#x941;&#x930;</subfield>
    <subfield code="h">250.33</subfield>
  </datafield>
  <datafield tag="999" ind1=" " ind2=" ">
    <subfield code="c">27054</subfield>
    <subfield code="d">27054</subfield>
  </datafield>
  <datafield tag="952" ind1=" " ind2=" ">
    <subfield code="0">0</subfield>
    <subfield code="1">0</subfield>
    <subfield code="2">ddc</subfield>
    <subfield code="4">0</subfield>
    <subfield code="7">1</subfield>
    <subfield code="8">NFIC</subfield>
    <subfield code="a">DBAD</subfield>
    <subfield code="b">DBAD</subfield>
    <subfield code="d">2009-05-30</subfield>
    <subfield code="e">DBAD /  PUB</subfield>
    <subfield code="g">250.00</subfield>
    <subfield code="l">0</subfield>
    <subfield code="o">250.33 &#x91A;&#x924;&#x941;&#x930;</subfield>
    <subfield code="p">HN-59082</subfield>
    <subfield code="r">2009-05-30 00:00:00</subfield>
    <subfield code="t">1</subfield>
    <subfield code="v">250.00</subfield>
    <subfield code="w">2009-05-30</subfield>
    <subfield code="y">HN</subfield>
  </datafield>
  <datafield tag="952" ind1=" " ind2=" ">
    <subfield code="0">0</subfield>
    <subfield code="1">5</subfield>
    <subfield code="2">ddc</subfield>
    <subfield code="4">0</subfield>
    <subfield code="7">0</subfield>
    <subfield code="8">NFIC</subfield>
    <subfield code="a">L</subfield>
    <subfield code="b">L</subfield>
    <subfield code="d">2010-01-20</subfield>
    <subfield code="e">113/16.07.09/57/11.07.09/29.07.09</subfield>
    <subfield code="g">250.00</subfield>
    <subfield code="l">0</subfield>
    <subfield code="o">250.33 &#x91A;&#x924;&#x941;&#x930;</subfield>
    <subfield code="p">B-351449</subfield>
    <subfield code="r">2010-01-20 00:00:00</subfield>
    <subfield code="t">1</subfield>
    <subfield code="v">250.00</subfield>
    <subfield code="y">HN</subfield>
  </datafield>
  <datafield tag="952" ind1=" " ind2=" ">
    <subfield code="0">0</subfield>
    <subfield code="1">0</subfield>
    <subfield code="2">ddc</subfield>
    <subfield code="4">0</subfield>
    <subfield code="7">0</subfield>
    <subfield code="8">NFIC</subfield>
    <subfield code="a">M</subfield>
    <subfield code="b">M</subfield>
    <subfield code="d">2010-01-20</subfield>
    <subfield code="e">113/16.07.09/57/11.07.09/29.07.09</subfield>
    <subfield code="g">250.00</subfield>
    <subfield code="l">0</subfield>
    <subfield code="o">250.33 &#x91A;&#x924;&#x941;&#x930;</subfield>
    <subfield code="p">B-351450</subfield>
    <subfield code="r">2010-01-20 00:00:00</subfield>
    <subfield code="t">2</subfield>
    <subfield code="v">250.00</subfield>
    <subfield code="w">2010-01-20</subfield>
    <subfield code="y">HN</subfield>
  </datafield>
  <datafield tag="952" ind1=" " ind2=" ">
    <subfield code="0">0</subfield>
    <subfield code="1">0</subfield>
    <subfield code="2">ddc</subfield>
    <subfield code="4">0</subfield>
    <subfield code="7">0</subfield>
    <subfield code="8">NFIC</subfield>
    <subfield code="a">M</subfield>
    <subfield code="b">M</subfield>
    <subfield code="d">2010-01-20</subfield>
    <subfield code="e">113/16.07.09/57/11.07.09/29.07.09</subfield>
    <subfield code="g">250.00</subfield>
    <subfield code="l">0</subfield>
    <subfield code="o">250.33 &#x91A;&#x924;&#x941;&#x930;</subfield>
    <subfield code="p">B-351451</subfield>
    <subfield code="r">2010-01-20 00:00:00</subfield>
    <subfield code="t">2</subfield>
    <subfield code="v">250.00</subfield>
    <subfield code="w">2010-01-20</subfield>
    <subfield code="y">HN</subfield>
  </datafield>
  <datafield tag="952" ind1=" " ind2=" ">
    <subfield code="0">0</subfield>
    <subfield code="1">5</subfield>
    <subfield code="2">ddc</subfield>
    <subfield code="4">0</subfield>
    <subfield code="7">0</subfield>
    <subfield code="8">NFIC</subfield>
    <subfield code="a">BL1</subfield>
    <subfield code="b">BL1</subfield>
    <subfield code="d">2010-01-20</subfield>
    <subfield code="e">113/16.07.09/57/11.07.09/29.07.09</subfield>
    <subfield code="g">250.00</subfield>
    <subfield code="l">0</subfield>
    <subfield code="o">250.33 &#x91A;&#x924;&#x941;&#x930;</subfield>
    <subfield code="p">B-351452</subfield>
    <subfield code="r">2010-01-20 00:00:00</subfield>
    <subfield code="t">1</subfield>
    <subfield code="v">250.00</subfield>
    <subfield code="y">HN</subfield>
  </datafield>
  <datafield tag="952" ind1=" " ind2=" ">
    <subfield code="0">0</subfield>
    <subfield code="1">0</subfield>
    <subfield code="2">ddc</subfield>
    <subfield code="4">0</subfield>
    <subfield code="7">0</subfield>
    <subfield code="8">NFIC</subfield>
    <subfield code="a">KGM</subfield>
    <subfield code="b">KGM</subfield>
    <subfield code="d">2010-01-20</subfield>
    <subfield code="e">113/16.07.09/57/11.07.09/29.07.09</subfield>
    <subfield code="g">250.00</subfield>
    <subfield code="l">2</subfield>
    <subfield code="m">2</subfield>
    <subfield code="o">250.33 &#x91A;&#x924;&#x941;&#x930;</subfield>
    <subfield code="p">B-351453</subfield>
    <subfield code="r">2026-02-02 00:00:00</subfield>
    <subfield code="s">2026-01-17</subfield>
    <subfield code="t">1</subfield>
    <subfield code="v">250.00</subfield>
    <subfield code="w">2010-01-20</subfield>
    <subfield code="y">HN</subfield>
  </datafield>
  <datafield tag="952" ind1=" " ind2=" ">
    <subfield code="0">0</subfield>
    <subfield code="1">0</subfield>
    <subfield code="2">ddc</subfield>
    <subfield code="4">0</subfield>
    <subfield code="7">0</subfield>
    <subfield code="8">NFIC</subfield>
    <subfield code="a">PR</subfield>
    <subfield code="b">PR</subfield>
    <subfield code="d">2010-01-20</subfield>
    <subfield code="e">113/16.07.09/57/11.07.09/29.07.09</subfield>
    <subfield code="g">250.00</subfield>
    <subfield code="l">0</subfield>
    <subfield code="o">250.33 &#x91A;&#x924;&#x941;&#x930;</subfield>
    <subfield code="p">B-351454</subfield>
    <subfield code="r">2010-01-20 00:00:00</subfield>
    <subfield code="t">1</subfield>
    <subfield code="v">250.00</subfield>
    <subfield code="w">2010-01-20</subfield>
    <subfield code="y">HN</subfield>
  </datafield>
  <datafield tag="952" ind1=" " ind2=" ">
    <subfield code="0">0</subfield>
    <subfield code="1">5</subfield>
    <subfield code="2">ddc</subfield>
    <subfield code="4">0</subfield>
    <subfield code="7">0</subfield>
    <subfield code="8">NFIC</subfield>
    <subfield code="a">TN</subfield>
    <subfield code="b">TN</subfield>
    <subfield code="d">2010-01-20</subfield>
    <subfield code="e">113/16.07.09/57/11.07.09/29.07.09</subfield>
    <subfield code="g">250.00</subfield>
    <subfield code="l">0</subfield>
    <subfield code="o">250.33 &#x91A;&#x924;&#x941;&#x930;</subfield>
    <subfield code="p">B-351455</subfield>
    <subfield code="r">2010-01-20 00:00:00</subfield>
    <subfield code="t">1</subfield>
    <subfield code="v">250.00</subfield>
    <subfield code="y">HN</subfield>
  </datafield>
  <datafield tag="952" ind1=" " ind2=" ">
    <subfield code="0">0</subfield>
    <subfield code="1">0</subfield>
    <subfield code="2">ddc</subfield>
    <subfield code="4">0</subfield>
    <subfield code="7">0</subfield>
    <subfield code="8">NFIC</subfield>
    <subfield code="a">CJ</subfield>
    <subfield code="b">CJ</subfield>
    <subfield code="d">2010-01-20</subfield>
    <subfield code="e">113/16.07.09/57/11.07.09/29.07.09</subfield>
    <subfield code="g">250.00</subfield>
    <subfield code="l">3</subfield>
    <subfield code="m">2</subfield>
    <subfield code="o">250.33 &#x91A;&#x924;&#x941;&#x930;</subfield>
    <subfield code="p">B-351456</subfield>
    <subfield code="r">2024-06-24 00:00:00</subfield>
    <subfield code="s">2024-06-10</subfield>
    <subfield code="t">1</subfield>
    <subfield code="v">250.00</subfield>
    <subfield code="w">2010-01-20</subfield>
    <subfield code="y">HN</subfield>
  </datafield>
  <datafield tag="952" ind1=" " ind2=" ">
    <subfield code="0">1</subfield>
    <subfield code="1">0</subfield>
    <subfield code="2">ddc</subfield>
    <subfield code="4">0</subfield>
    <subfield code="7">0</subfield>
    <subfield code="8">NFIC</subfield>
    <subfield code="a">JP</subfield>
    <subfield code="b">JP</subfield>
    <subfield code="d">2010-01-20</subfield>
    <subfield code="e">113/16.07.09/57/11.07.09/29.07.09</subfield>
    <subfield code="g">250.00</subfield>
    <subfield code="l">56</subfield>
    <subfield code="m">4</subfield>
    <subfield code="o">250.33 &#x91A;&#x924;&#x941;&#x930;</subfield>
    <subfield code="p">B-351457</subfield>
    <subfield code="r">2017-06-28 00:00:00</subfield>
    <subfield code="s">2017-06-16</subfield>
    <subfield code="t">1</subfield>
    <subfield code="v">250.00</subfield>
    <subfield code="w">2010-01-20</subfield>
    <subfield code="y">HN</subfield>
  </datafield>
  <datafield tag="952" ind1=" " ind2=" ">
    <subfield code="0">0</subfield>
    <subfield code="1">0</subfield>
    <subfield code="2">ddc</subfield>
    <subfield code="4">0</subfield>
    <subfield code="7">0</subfield>
    <subfield code="8">NFIC</subfield>
    <subfield code="a">ZLS</subfield>
    <subfield code="b">ZLS</subfield>
    <subfield code="d">2010-01-20</subfield>
    <subfield code="e">113/16.07.09/57/11.07.09/29.07.09</subfield>
    <subfield code="g">250.00</subfield>
    <subfield code="l">3</subfield>
    <subfield code="m">2</subfield>
    <subfield code="o">250.33 &#x91A;&#x924;&#x941;&#x930;</subfield>
    <subfield code="p">B-351458</subfield>
    <subfield code="r">2021-01-07 00:00:00</subfield>
    <subfield code="s">2020-11-24</subfield>
    <subfield code="t">1</subfield>
    <subfield code="v">250.00</subfield>
    <subfield code="w">2010-01-20</subfield>
    <subfield code="y">HN</subfield>
  </datafield>
  <datafield tag="952" ind1=" " ind2=" ">
    <subfield code="0">0</subfield>
    <subfield code="1">0</subfield>
    <subfield code="2">ddc</subfield>
    <subfield code="4">0</subfield>
    <subfield code="7">0</subfield>
    <subfield code="8">NFIC</subfield>
    <subfield code="a">RKP</subfield>
    <subfield code="b">RKP</subfield>
    <subfield code="d">2010-01-20</subfield>
    <subfield code="e">113/16.07.09/57/11.07.09/29.07.09</subfield>
    <subfield code="g">250.00</subfield>
    <subfield code="l">0</subfield>
    <subfield code="o">250.33 &#x91A;&#x924;&#x941;&#x930;</subfield>
    <subfield code="p">B-351459</subfield>
    <subfield code="r">2010-01-20 00:00:00</subfield>
    <subfield code="t">1</subfield>
    <subfield code="v">250.00</subfield>
    <subfield code="w">2010-01-20</subfield>
    <subfield code="y">HN</subfield>
  </datafield>
  <datafield tag="952" ind1=" " ind2=" ">
    <subfield code="0">0</subfield>
    <subfield code="1">0</subfield>
    <subfield code="2">ddc</subfield>
    <subfield code="4">0</subfield>
    <subfield code="7">0</subfield>
    <subfield code="8">NFIC</subfield>
    <subfield code="a">AG</subfield>
    <subfield code="b">AG</subfield>
    <subfield code="d">2010-01-20</subfield>
    <subfield code="e">113/16.07.09/57/11.07.09/29.07.09</subfield>
    <subfield code="g">250.00</subfield>
    <subfield code="l">6</subfield>
    <subfield code="m">3</subfield>
    <subfield code="o">250.33 &#x91A;&#x924;&#x941;&#x930;</subfield>
    <subfield code="p">B-351460</subfield>
    <subfield code="r">2022-11-21 00:00:00</subfield>
    <subfield code="s">2022-10-20</subfield>
    <subfield code="t">1</subfield>
    <subfield code="v">250.00</subfield>
    <subfield code="w">2010-01-20</subfield>
    <subfield code="y">HN</subfield>
  </datafield>
  <datafield tag="952" ind1=" " ind2=" ">
    <subfield code="0">0</subfield>
    <subfield code="1">5</subfield>
    <subfield code="2">ddc</subfield>
    <subfield code="4">0</subfield>
    <subfield code="7">0</subfield>
    <subfield code="8">NFIC</subfield>
    <subfield code="a">SP</subfield>
    <subfield code="b">SP</subfield>
    <subfield code="d">2010-01-20</subfield>
    <subfield code="e">113/16.07.09/57/11.07.09/29.07.09</subfield>
    <subfield code="g">250.00</subfield>
    <subfield code="l">0</subfield>
    <subfield code="o">250.33 &#x91A;&#x924;&#x941;&#x930;</subfield>
    <subfield code="p">B-351461</subfield>
    <subfield code="r">2010-01-20 00:00:00</subfield>
    <subfield code="t">1</subfield>
    <subfield code="v">250.00</subfield>
    <subfield code="y">HN</subfield>
  </datafield>
  <datafield tag="952" ind1=" " ind2=" ">
    <subfield code="0">0</subfield>
    <subfield code="1">0</subfield>
    <subfield code="2">ddc</subfield>
    <subfield code="4">0</subfield>
    <subfield code="7">0</subfield>
    <subfield code="8">NFIC</subfield>
    <subfield code="a">VP</subfield>
    <subfield code="b">VP</subfield>
    <subfield code="d">2010-01-20</subfield>
    <subfield code="e">113/16.07.09/57/11.07.09/29.07.09</subfield>
    <subfield code="g">250.00</subfield>
    <subfield code="l">24</subfield>
    <subfield code="o">250.33 &#x91A;&#x924;&#x941;&#x930;</subfield>
    <subfield code="p">B-351462</subfield>
    <subfield code="r">2019-06-17 00:00:00</subfield>
    <subfield code="s">2019-06-11</subfield>
    <subfield code="t">1</subfield>
    <subfield code="v">250.00</subfield>
    <subfield code="w">2010-01-20</subfield>
    <subfield code="y">HN</subfield>
  </datafield>
  <datafield tag="952" ind1=" " ind2=" ">
    <subfield code="0">0</subfield>
    <subfield code="1">0</subfield>
    <subfield code="2">ddc</subfield>
    <subfield code="4">0</subfield>
    <subfield code="7">0</subfield>
    <subfield code="8">NFIC</subfield>
    <subfield code="a">BL3</subfield>
    <subfield code="b">BL3</subfield>
    <subfield code="d">2010-01-20</subfield>
    <subfield code="e">113/16.07.09/57/11.07.09/29.07.09</subfield>
    <subfield code="g">250.00</subfield>
    <subfield code="l">0</subfield>
    <subfield code="o">250.33 &#x91A;&#x924;&#x941;&#x930;</subfield>
    <subfield code="p">B-351463</subfield>
    <subfield code="r">2010-01-20 00:00:00</subfield>
    <subfield code="t">1</subfield>
    <subfield code="v">250.00</subfield>
    <subfield code="w">2010-01-20</subfield>
    <subfield code="y">HN</subfield>
  </datafield>
  <datafield tag="952" ind1=" " ind2=" ">
    <subfield code="0">0</subfield>
    <subfield code="1">0</subfield>
    <subfield code="2">ddc</subfield>
    <subfield code="4">0</subfield>
    <subfield code="7">0</subfield>
    <subfield code="8">NFIC</subfield>
    <subfield code="a">NRR</subfield>
    <subfield code="b">NRR</subfield>
    <subfield code="d">2010-01-20</subfield>
    <subfield code="e">113/16.07.09/57/11.07.09/29.07.09</subfield>
    <subfield code="g">250.00</subfield>
    <subfield code="l">0</subfield>
    <subfield code="o">250.33 &#x91A;&#x924;&#x941;&#x930;</subfield>
    <subfield code="p">B-351464</subfield>
    <subfield code="r">2010-01-20 00:00:00</subfield>
    <subfield code="t">1</subfield>
    <subfield code="v">250.00</subfield>
    <subfield code="w">2010-01-20</subfield>
    <subfield code="y">HN</subfield>
  </datafield>
  <datafield tag="952" ind1=" " ind2=" ">
    <subfield code="0">0</subfield>
    <subfield code="1">0</subfield>
    <subfield code="2">ddc</subfield>
    <subfield code="4">0</subfield>
    <subfield code="7">0</subfield>
    <subfield code="8">NFIC</subfield>
    <subfield code="a">BKK</subfield>
    <subfield code="b">BKK</subfield>
    <subfield code="d">2010-01-20</subfield>
    <subfield code="e">113/16.07.09/57/11.07.09/29.07.09</subfield>
    <subfield code="g">250.00</subfield>
    <subfield code="l">2</subfield>
    <subfield code="m">1</subfield>
    <subfield code="o">250.33 &#x91A;&#x924;&#x941;&#x930;</subfield>
    <subfield code="p">B-351465</subfield>
    <subfield code="r">2023-02-27 00:00:00</subfield>
    <subfield code="s">2023-02-10</subfield>
    <subfield code="t">1</subfield>
    <subfield code="v">250.00</subfield>
    <subfield code="w">2010-01-20</subfield>
    <subfield code="y">HN</subfield>
  </datafield>
  <datafield tag="952" ind1=" " ind2=" ">
    <subfield code="0">0</subfield>
    <subfield code="1">5</subfield>
    <subfield code="2">ddc</subfield>
    <subfield code="4">0</subfield>
    <subfield code="7">0</subfield>
    <subfield code="8">NFIC</subfield>
    <subfield code="a">NR</subfield>
    <subfield code="b">NR</subfield>
    <subfield code="d">2010-01-20</subfield>
    <subfield code="e">113/16.07.09/57/11.07.09/29.07.09</subfield>
    <subfield code="g">250.00</subfield>
    <subfield code="l">0</subfield>
    <subfield code="o">250.33 &#x91A;&#x924;&#x941;&#x930;</subfield>
    <subfield code="p">B-351466</subfield>
    <subfield code="r">2010-01-20 00:00:00</subfield>
    <subfield code="t">1</subfield>
    <subfield code="v">250.00</subfield>
    <subfield code="y">HN</subfield>
  </datafield>
  <datafield tag="952" ind1=" " ind2=" ">
    <subfield code="0">0</subfield>
    <subfield code="1">0</subfield>
    <subfield code="2">ddc</subfield>
    <subfield code="4">0</subfield>
    <subfield code="7">0</subfield>
    <subfield code="8">NFIC</subfield>
    <subfield code="a">BN</subfield>
    <subfield code="b">BN</subfield>
    <subfield code="d">2010-01-20</subfield>
    <subfield code="e">113/16.07.09/57/11.07.09/29.07.09</subfield>
    <subfield code="g">250.00</subfield>
    <subfield code="l">4</subfield>
    <subfield code="m">2</subfield>
    <subfield code="o">250.33 &#x91A;&#x924;&#x941;&#x930;</subfield>
    <subfield code="p">B-351467</subfield>
    <subfield code="r">2022-11-30 00:00:00</subfield>
    <subfield code="s">2022-10-15</subfield>
    <subfield code="t">1</subfield>
    <subfield code="v">250.00</subfield>
    <subfield code="w">2010-01-20</subfield>
    <subfield code="y">HN</subfield>
  </datafield>
  <datafield tag="952" ind1=" " ind2=" ">
    <subfield code="0">0</subfield>
    <subfield code="1">0</subfield>
    <subfield code="2">ddc</subfield>
    <subfield code="4">0</subfield>
    <subfield code="7">0</subfield>
    <subfield code="8">NFIC</subfield>
    <subfield code="a">KV</subfield>
    <subfield code="b">KV</subfield>
    <subfield code="d">2010-01-20</subfield>
    <subfield code="e">113/16.07.09/57/11.07.09/29.07.09</subfield>
    <subfield code="g">250.00</subfield>
    <subfield code="l">0</subfield>
    <subfield code="o">250.33 &#x91A;&#x924;&#x941;&#x930;</subfield>
    <subfield code="p">B-351468</subfield>
    <subfield code="r">2010-01-20 00:00:00</subfield>
    <subfield code="t">1</subfield>
    <subfield code="v">250.00</subfield>
    <subfield code="w">2010-01-20</subfield>
    <subfield code="y">HN</subfield>
  </datafield>
  <datafield tag="952" ind1=" " ind2=" ">
    <subfield code="0">0</subfield>
    <subfield code="1">0</subfield>
    <subfield code="2">ddc</subfield>
    <subfield code="4">0</subfield>
    <subfield code="7">0</subfield>
    <subfield code="8">NFIC</subfield>
    <subfield code="a">MV</subfield>
    <subfield code="b">MV</subfield>
    <subfield code="d">2010-01-20</subfield>
    <subfield code="e">113/16.07.09/57/11.07.09/29.07.09</subfield>
    <subfield code="g">250.00</subfield>
    <subfield code="l">0</subfield>
    <subfield code="o">250.33 &#x91A;&#x924;&#x941;&#x930;</subfield>
    <subfield code="p">B-351469</subfield>
    <subfield code="r">2010-01-20 00:00:00</subfield>
    <subfield code="t">1</subfield>
    <subfield code="v">250.00</subfield>
    <subfield code="w">2010-01-20</subfield>
    <subfield code="y">HN</subfield>
  </datafield>
  <datafield tag="952" ind1=" " ind2=" ">
    <subfield code="0">0</subfield>
    <subfield code="1">5</subfield>
    <subfield code="2">ddc</subfield>
    <subfield code="4">0</subfield>
    <subfield code="7">0</subfield>
    <subfield code="8">NFIC</subfield>
    <subfield code="a">MP</subfield>
    <subfield code="b">MP</subfield>
    <subfield code="d">2010-01-20</subfield>
    <subfield code="e">113/16.07.09/57/11.07.09/29.07.09</subfield>
    <subfield code="g">250.00</subfield>
    <subfield code="l">0</subfield>
    <subfield code="o">250.33 &#x91A;&#x924;&#x941;&#x930;</subfield>
    <subfield code="p">B-351470</subfield>
    <subfield code="r">2010-01-20 00:00:00</subfield>
    <subfield code="t">1</subfield>
    <subfield code="v">250.00</subfield>
    <subfield code="y">HN</subfield>
  </datafield>
  <datafield tag="952" ind1=" " ind2=" ">
    <subfield code="0">0</subfield>
    <subfield code="1">5</subfield>
    <subfield code="2">ddc</subfield>
    <subfield code="4">0</subfield>
    <subfield code="7">0</subfield>
    <subfield code="8">NFIC</subfield>
    <subfield code="a">BL4</subfield>
    <subfield code="b">BL4</subfield>
    <subfield code="d">2010-01-20</subfield>
    <subfield code="e">113/16.07.09/57/11.07.09/29.07.09</subfield>
    <subfield code="g">250.00</subfield>
    <subfield code="l">0</subfield>
    <subfield code="o">250.33 &#x91A;&#x924;&#x941;&#x930;</subfield>
    <subfield code="p">B-351471</subfield>
    <subfield code="r">2010-01-20 00:00:00</subfield>
    <subfield code="t">1</subfield>
    <subfield code="v">250.00</subfield>
    <subfield code="y">HN</subfield>
  </datafield>
  <datafield tag="952" ind1=" " ind2=" ">
    <subfield code="0">0</subfield>
    <subfield code="1">0</subfield>
    <subfield code="2">ddc</subfield>
    <subfield code="4">0</subfield>
    <subfield code="7">0</subfield>
    <subfield code="8">NFIC</subfield>
    <subfield code="a">YV</subfield>
    <subfield code="b">YV</subfield>
    <subfield code="d">2010-01-20</subfield>
    <subfield code="e">113/16.07.09/57/11.07.09/29.07.09</subfield>
    <subfield code="g">250.00</subfield>
    <subfield code="l">5</subfield>
    <subfield code="m">4</subfield>
    <subfield code="o">250.33 &#x91A;&#x924;&#x941;&#x930;</subfield>
    <subfield code="p">B-351472</subfield>
    <subfield code="r">2024-09-05 00:00:00</subfield>
    <subfield code="s">2024-08-20</subfield>
    <subfield code="t">1</subfield>
    <subfield code="v">250.00</subfield>
    <subfield code="w">2010-01-20</subfield>
    <subfield code="y">HN</subfield>
  </datafield>
  <datafield tag="952" ind1=" " ind2=" ">
    <subfield code="0">0</subfield>
    <subfield code="1">0</subfield>
    <subfield code="2">ddc</subfield>
    <subfield code="4">0</subfield>
    <subfield code="7">0</subfield>
    <subfield code="8">NFIC</subfield>
    <subfield code="a">ZLS</subfield>
    <subfield code="b">ZLS</subfield>
    <subfield code="d">2010-01-20</subfield>
    <subfield code="e">113/16.07.09/57/11.07.09/29.07.09</subfield>
    <subfield code="g">250.00</subfield>
    <subfield code="l">1</subfield>
    <subfield code="o">250.33 &#x91A;&#x924;&#x941;&#x930;</subfield>
    <subfield code="p">B-351473</subfield>
    <subfield code="r">2023-03-04 00:00:00</subfield>
    <subfield code="s">2022-12-28</subfield>
    <subfield code="t">4</subfield>
    <subfield code="v">250.00</subfield>
    <subfield code="y">HN</subfield>
  </datafield>
  <datafield tag="952" ind1=" " ind2=" ">
    <subfield code="0">0</subfield>
    <subfield code="1">0</subfield>
    <subfield code="2">ddc</subfield>
    <subfield code="4">0</subfield>
    <subfield code="7">0</subfield>
    <subfield code="8">NFIC</subfield>
    <subfield code="a">ZLS</subfield>
    <subfield code="b">ZLS</subfield>
    <subfield code="d">2010-01-20</subfield>
    <subfield code="e">113/16.07.09/57/11.07.09/29.07.09</subfield>
    <subfield code="g">250.00</subfield>
    <subfield code="l">3</subfield>
    <subfield code="m">2</subfield>
    <subfield code="o">250.33 &#x91A;&#x924;&#x941;&#x930;</subfield>
    <subfield code="p">B-351474</subfield>
    <subfield code="r">2019-11-19 00:00:00</subfield>
    <subfield code="s">2019-10-26</subfield>
    <subfield code="t">4</subfield>
    <subfield code="v">250.00</subfield>
    <subfield code="y">HN</subfield>
  </datafield>
  <datafield tag="952" ind1=" " ind2=" ">
    <subfield code="0">0</subfield>
    <subfield code="1">0</subfield>
    <subfield code="2">ddc</subfield>
    <subfield code="4">0</subfield>
    <subfield code="7">0</subfield>
    <subfield code="8">NFIC</subfield>
    <subfield code="a">RC</subfield>
    <subfield code="b">RC</subfield>
    <subfield code="d">2010-01-20</subfield>
    <subfield code="e">113/16.07.09/57/11.07.09/29.07.09</subfield>
    <subfield code="g">250.00</subfield>
    <subfield code="l">0</subfield>
    <subfield code="o">250.33 &#x91A;&#x924;&#x941;&#x930;</subfield>
    <subfield code="p">B-351475</subfield>
    <subfield code="r">2010-01-20 00:00:00</subfield>
    <subfield code="t">4</subfield>
    <subfield code="v">250.00</subfield>
    <subfield code="w">2010-01-20</subfield>
    <subfield code="y">HN</subfield>
  </datafield>
  <datafield tag="952" ind1=" " ind2=" ">
    <subfield code="0">0</subfield>
    <subfield code="1">0</subfield>
    <subfield code="2">ddc</subfield>
    <subfield code="4">0</subfield>
    <subfield code="7">0</subfield>
    <subfield code="8">NFIC</subfield>
    <subfield code="a">ZLS</subfield>
    <subfield code="b">ZLS</subfield>
    <subfield code="d">2010-01-20</subfield>
    <subfield code="e">113/16.07.09/57/11.07.09/29.07.09</subfield>
    <subfield code="g">250.00</subfield>
    <subfield code="l">2</subfield>
    <subfield code="m">1</subfield>
    <subfield code="o">250.33 &#x91A;&#x924;&#x941;&#x930;</subfield>
    <subfield code="p">B-351476</subfield>
    <subfield code="r">2019-02-23 00:00:00</subfield>
    <subfield code="s">2018-12-08</subfield>
    <subfield code="t">4</subfield>
    <subfield code="v">250.00</subfield>
    <subfield code="y">HN</subfield>
    <subfield code="z">Withdrawn List Prepared L.No.30/21</subfield>
  </datafield>
  <datafield tag="952" ind1=" " ind2=" ">
    <subfield code="0">0</subfield>
    <subfield code="1">0</subfield>
    <subfield code="2">ddc</subfield>
    <subfield code="4">0</subfield>
    <subfield code="7">0</subfield>
    <subfield code="8">NFIC</subfield>
    <subfield code="a">RC3</subfield>
    <subfield code="b">RC3</subfield>
    <subfield code="d">2010-01-20</subfield>
    <subfield code="e">113/16.07.09/57/11.07.09/29.07.09</subfield>
    <subfield code="g">250.00</subfield>
    <subfield code="l">2</subfield>
    <subfield code="o">250.33 &#x91A;&#x924;&#x941;&#x930;</subfield>
    <subfield code="p">B-351477</subfield>
    <subfield code="r">2025-04-03 00:00:00</subfield>
    <subfield code="s">2025-03-25</subfield>
    <subfield code="t">5</subfield>
    <subfield code="v">250.00</subfield>
    <subfield code="w">2010-01-20</subfield>
    <subfield code="y">HN</subfield>
  </datafield>
  <datafield tag="952" ind1=" " ind2=" ">
    <subfield code="0">0</subfield>
    <subfield code="1">5</subfield>
    <subfield code="2">ddc</subfield>
    <subfield code="4">0</subfield>
    <subfield code="7">0</subfield>
    <subfield code="8">NFIC</subfield>
    <subfield code="a">RC3</subfield>
    <subfield code="b">RC3</subfield>
    <subfield code="d">2010-01-20</subfield>
    <subfield code="e">113/16.07.09/57/11.07.09/29.07.09</subfield>
    <subfield code="g">250.00</subfield>
    <subfield code="l">0</subfield>
    <subfield code="o">250.33 &#x91A;&#x924;&#x941;&#x930;</subfield>
    <subfield code="p">B-351478</subfield>
    <subfield code="r">2010-01-20 00:00:00</subfield>
    <subfield code="t">5</subfield>
    <subfield code="v">250.00</subfield>
    <subfield code="y">HN</subfield>
  </datafield>
  <datafield tag="952" ind1=" " ind2=" ">
    <subfield code="0">0</subfield>
    <subfield code="1">5</subfield>
    <subfield code="2">ddc</subfield>
    <subfield code="4">0</subfield>
    <subfield code="7">0</subfield>
    <subfield code="8">NFIC</subfield>
    <subfield code="a">RC3</subfield>
    <subfield code="b">RC3</subfield>
    <subfield code="d">2010-01-20</subfield>
    <subfield code="e">113/16.07.09/57/11.07.09/29.07.09</subfield>
    <subfield code="g">250.00</subfield>
    <subfield code="l">0</subfield>
    <subfield code="o">250.33 &#x91A;&#x924;&#x941;&#x930;</subfield>
    <subfield code="p">B-351479</subfield>
    <subfield code="r">2010-01-20 00:00:00</subfield>
    <subfield code="t">5</subfield>
    <subfield code="v">250.00</subfield>
    <subfield code="y">HN</subfield>
  </datafield>
  <datafield tag="952" ind1=" " ind2=" ">
    <subfield code="0">0</subfield>
    <subfield code="1">0</subfield>
    <subfield code="2">ddc</subfield>
    <subfield code="4">0</subfield>
    <subfield code="7">0</subfield>
    <subfield code="8">NFIC</subfield>
    <subfield code="a">RC3</subfield>
    <subfield code="b">RC3</subfield>
    <subfield code="d">2010-01-20</subfield>
    <subfield code="e">113/16.07.09/57/11.07.09/29.07.09</subfield>
    <subfield code="g">250.00</subfield>
    <subfield code="l">2</subfield>
    <subfield code="m">2</subfield>
    <subfield code="o">250.33 &#x91A;&#x924;&#x941;&#x930;</subfield>
    <subfield code="p">B-351480</subfield>
    <subfield code="r">2025-03-20 00:00:00</subfield>
    <subfield code="s">2025-03-17</subfield>
    <subfield code="t">5</subfield>
    <subfield code="v">250.00</subfield>
    <subfield code="w">2010-01-20</subfield>
    <subfield code="y">HN</subfield>
  </datafield>
  <datafield tag="952" ind1=" " ind2=" ">
    <subfield code="0">0</subfield>
    <subfield code="1">0</subfield>
    <subfield code="2">ddc</subfield>
    <subfield code="4">0</subfield>
    <subfield code="7">0</subfield>
    <subfield code="8">NFIC</subfield>
    <subfield code="a">RC3</subfield>
    <subfield code="b">RC3</subfield>
    <subfield code="d">2010-01-20</subfield>
    <subfield code="e">113/16.07.09/57/11.07.09/29.07.09</subfield>
    <subfield code="g">250.00</subfield>
    <subfield code="l">0</subfield>
    <subfield code="o">250.33 &#x91A;&#x924;&#x941;&#x930;</subfield>
    <subfield code="p">B-351481</subfield>
    <subfield code="r">2010-01-20 00:00:00</subfield>
    <subfield code="t">5</subfield>
    <subfield code="v">250.00</subfield>
    <subfield code="w">2010-01-20</subfield>
    <subfield code="y">HN</subfield>
  </datafield>
</record>
